[Event "It (open)"]
[Site "masterchessopen.com - Polanica Zdroj (Poland)"]
[Round "7"]
[White "Jaracz Pawel (POL)"]
[Black "Vaulin Alexander (RUS)"]
[Result "0-1"]
[WhiteElo "2477"]
[BlackElo "2492"]

1.d4 Nf6 2.Nf3 c5 3.d5 g6 4.c4 Bg7 5.Nc3 d6 6.e4 O-O 7.Be2 e6 8.O-O exd5
9.cxd5 a6 10.a4 Bg4 11.Nd2 Bxe2 12.Qxe2 Nbd7 13.Nc4 Nb6 14.Ne3 Qe7 15.a5 Nbd7
16.Nc4 Ne5 17.Nb6 Rae8 18.Bg5 h6 19.Bh4 g5 20.Bg3 Nfd7 21.Nxd7 Qxd7 22.Nd1 f5
23.exf5 Qxf5 24.Ne3 Qg6 25.Rab1 Rf4 26.Qc2 Qxc2 27.Nxc2 Ra4 28.Ne3 Rxa5 29.Nf5
Bf8 30.Rfe1 c4 31.Rbd1 Kf7 32.Bxe5 Rxe5 33.Rxe5 dxe5 34.g4 Rc5 35.Ng3 Ke7
36.Ne4 Rb5 37.Rd2 Kd7 38.Kg2 Rb3 39.Rc2 b5 40.Rd2 Bb4 41.Rd1 Rxb2 42.Kf3 c3
43.Rc1 a5 44.Ke3 a4 {#R} 0-1

[Event "Ch Asia (team)"]
[Site "masterchessopen.com - Shenyang (China)"]
[Round "3"]
[White "Mamadshoev Marat (TJK)"]
[Black "Dzhumaev Marat (UZB)"]
[Result "0-1"]
[WhiteElo "2300"]
[BlackElo "2457"]

1.e4 g6 2.d4 Bg7 3.c4 c5 4.d5 e6 5.Nc3 exd5 6.cxd5 d6 7.Nf3 Nf6 8.Be2 O-O
9.O-O a6 10.a4 Bg4 11.h3 Bxf3 12.Bxf3 Nbd7 13.Bg5 Qc7 14.a5 Rfe8 15.Qc2 c4
16.Qa4 Ne5 17.Be2 Nfd7 18.Qb4 Nc5 19.Bxc4 Rac8 20.Ra2 h6 21.Bh4 Nxe4 22.Nxe4
Qxc4 23.Qxc4 Nxc4 24.Nf6+ Bxf6 25.Bxf6 Nd2 26.Rd1 Rc2 27.Raa1 Re2 28.Rac1 Ne4
29.Rxc2 Rxc2 30.Bd4 f5 31.Rd3 f4 32.h4 Rc1+ 33.Kh2 Rc4 34.Bb6 Nf6 35.f3 Rb4
36.Bd8 Kf7 37.Rd2 Rb5 38.Bc7 Nxd5 39.Bxd6 Rxa5 {#R} 0-1

[Event "It (a)"]
[Site "masterchessopen.com - Spain"]
[Round "3"]
[White "Lopez Orois Jose Manuel (ESP)"]
[Black "Reinaldo Castineira Roi (ESP)"]
[Result "1/2-1/2"]
[WhiteElo "2088"]
[BlackElo "2325"]

1.d4 Nf6 2.c4 c5 3.d5 e6 4.Nc3 exd5 5.cxd5 d6 6.e4 g6 7.Nf3 Bg7 8.Be2 O-O
9.O-O a6 10.a4 Bg4 11.Bf4 Re8 12.Nd2 Bxe2 13.Qxe2 Nh5 14.Be3 Nd7 15.g4 Nhf6
16.Kh1 h6 17.g5 hxg5 18.Bxg5 Qc7 19.f4 c4 20.a5 Rac8 21.Qg2 b5 22.axb6 Qxb6
23.Rab1 Nh7 24.Bh4 Qb4 25.Rf3 Nc5 26.Na2 Qa4 27.Ra3 Qc2 28.Nb4 Qxb2 29.Rxb2
Bxb2 30.Ra2 c3 31.Nc4 Nxe4 32.Nc6 Bc1 33.Re2 Nhf6 34.Nb6 Rc7 35.Bxf6 Nxf6
36.Rxe8+ Nxe8 37.Qc2 Bd2 38.Na4 Nf6 39.Nxc3 Bxf4 40.Ne2 Nxd5 41.Qc4 Nb6
42.Qxf4 Rxc6 43.Nd4 Nd5 44.Qg5 Rc5 45.Qd8+ Kg7 46.Qxd6 Rc1+ 47.Kg2 Ne3+ 48.Kf3
Nf5 49.Nxf5+ gxf5 50.Qxa6 Rg1 51.Kf4 Rg6 52.Qa1+ Kh7 53.Kxf5 Re6 54.Qd4 Rg6
55.h4 Re6 56.Qd8 Kg7 57.h5 Rh6 58.Qg5+ Kh7 59.Qe7 Kg7 60.Kg4 Re6 61.Qc7 Re4+
62.Kg5 Re6 63.Qc3+ Kh7 64.Qh3 Rh6 65.Qf5+ Kg7 66.Qf4 Re6 67.Qd4+ Kh7 68.Qc5
Kg7 {#d} 1/2-1/2

[Event "Tournament"]
[Site "masterchessopen.com - Meiringen (Switzerland)"]
[Date "1999.04.21"]
[Round "7"]
[White "Zanetti Bruno (SUI)"]
[Black "Buergi Oswald (SUI)"]
[Result "0-1"]
[WhiteElo "2009"]
[BlackElo "2134"]

1.d4 Nf6 2.c4 c5 3.d5 e6 4.Nc3 exd5 5.cxd5 d6 6.e4 g6 7.Nf3 Bg7 8.Be2 O-O
9.O-O a6 10.a4 Bg4 11.Be3 Re8 12.Nd2 Bxe2 13.Qxe2 Nbd7 14.Rab1 Qc7 15.Rfc1 Ne5
16.Nc4 Nfd7 17.b3 Nxc4 18.Qxc4 Ne5 19.Qe2 Rac8 20.Qd2 c4 21.Ne2 b5 22.axb5
axb5 23.bxc4 bxc4 24.Rb6 c3 25.Qc2 Nc4 26.Rc6 Nxe3 27.Rxc7 Nxc2 28.Rxc8 Rxc8
29.Rxc2 Rb8 30.f3 Rb2 31.Rxc3 Rxe2 {#R} 0-1

[Event "Ch Paulista"]
[Site "masterchessopen.com - Americana (Brazil)"]
[Round "5"]
[White "Blank Goncalves Eduardo (BRA)"]
[Black "Martinez Carlos Alejandro (BRA)"]
[Result "1/2-1/2"]
[WhiteElo "2179"]
[BlackElo "2431"]

1.d4 Nf6 2.c4 c5 3.d5 g6 4.Nc3 Bg7 5.e4 O-O 6.Nf3 d6 7.Be2 e6 8.O-O exd5
9.cxd5 a6 10.a4 Bg4 11.Bf4 Re8 12.Nd2 Bxe2 13.Qxe2 Nh5 14.Be3 Nd7 15.Rae1 Rb8
16.f4 f5 17.g4 Nhf6 18.gxf5 gxf5 19.Qg2 Ng4 20.Kh1 Nxe3 21.Rxe3 Kh8 22.Rh3
Bxc3 23.bxc3 Rg8 24.Qf3 Nf6 25.c4 fxe4 26.Nxe4 Nxe4 27.Qxe4 Rg7 28.Rh6 Qd7
29.f5 Rbg8 30.Qe6 Re8 31.Qxd7 Rxd7 32.Re6 Rb8 33.f6 Kg8 34.Rb1 b6 35.Kg2 Kf7
36.Kf3 b5 37.axb5 axb5 38.cxb5 c4 39.Ke4 c3 40.Kd3 c2 41.Kxc2 Rc7+ 42.Kd3 Rc5
43.Kd4 Rcxb5 44.Rxb5 Rxb5 45.Rxd6 Rb2 46.Rd7+ Kxf6 47.Rxh7 Rc2 48.h4 Rc1
49.Rh6+ Ke7 50.h5 Rh1 51.Ke5 Re1+ 52.Kf5 Rf1+ 53.Ke4 Rh1 54.d6+ Kd7 55.Kf5
Rf1+ 56.Kg6 Kxd6 57.Kh7+ Ke7 58.Rg6 Kf7 59.h6 Kf8 60.Rg8+ Kf7 61.Ra8 Rg1
62.Ra7+ Kf8 63.Rg7 Ra1 64.Rg2 Rf1 {#d} 1/2-1/2

[Event "Ch Argentina (team)"]
[Site "masterchessopen.com - Argentina"]
[Round "4"]
[White "Garcia Raimundo (ARG)"]
[Black "Robledo Nestor Daniel (ARG)"]
[Result "1/2-1/2"]
[WhiteElo "2368"]
[BlackElo "2321"]

1.d4 c5 2.d5 g6 3.e4 Bg7 4.c4 d6 5.Be2 e6 6.Nf3 exd5 7.cxd5 Nf6 8.Nc3 O-O
9.O-O a6 10.a4 Bg4 11.Bf4 Bxf3 12.Bxf3 Qe7 13.Re1 Nbd7 14.Qc2 Rfe8 15.a5 Rac8
16.Ra4 h5 17.h3 Ne5 18.Be2 Nfd7 19.Qd2 c4 20.Rb4 Nc5 21.Bxe5 Bxe5 22.Bxc4 Qd8
23.Ra1 Bxc3 24.Qxc3 Rxe4 25.f3 Re5 26.Qd4 Qe7 27.Bf1 Re1 28.Rxe1 Qxe1 29.Rc4
Re8 30.Qc3 Qd1 31.b4 Nb3 32.Rc8 Rxc8 33.Qxc8+ Kg7 34.Qxb7 Qd4+ 35.Kh1 Nd2
36.Bxa6 Qa1+ 37.Kh2 Qe5+ {#d} 1/2-1/2

[Event "Ch Europe (juniors) (under 20)"]
[Site "masterchessopen.com - Aviles (Spain)"]
[Round "11"]
[White "Andres Gonzalez Alberto (ESP)"]
[Black "Reinaldo Castineira Roi (ESP)"]
[Result "1/2-1/2"]
[WhiteElo "2362"]
[BlackElo "2416"]

1.d4 Nf6 2.c4 c5 3.d5 e6 4.Nc3 exd5 5.cxd5 d6 6.e4 g6 7.Nf3 Bg7 8.Be2 O-O
9.O-O a6 10.a4 Bg4 11.Bf4 Re8 12.Nd2 Bxe2 13.Qxe2 Nh5 14.Be3 Nd7 15.a5 Qh4
16.g3 Qh3 17.Ra4 Ne5 18.f3 Rab8 {#d} 1/2-1/2

[Event "It (open)"]
[Site "masterchessopen.com - Bad Woerishofen (Germany)"]
[Round "2"]
[White "Laux Dieter (GER)"]
[Black "Guenther Thomas (GER)"]
[Result "0-1"]
[WhiteElo "1617"]
[BlackElo "2138"]

1.d4 Nf6 2.c4 e6 3.Nc3 c5 4.d5 exd5 5.cxd5 d6 6.e4 g6 7.Nf3 Bg7 8.Be2 a6 9.a4
Bg4 10.O-O O-O 11.Bf4 Re8 12.Nd2 Bxe2 13.Qxe2 Nh5 14.Be3 Nd7 15.f4 f5 16.Qf3
Ndf6 17.Kh1 Nxe4 18.Ndxe4 fxe4 19.Qf2 Qd7 20.Ra3 Re7 21.a5 Qg4 22.Ra4 Rae8
23.g3 Nf6 24.Qg2 Qh5 25.Qd2 Ng4 26.Nd1 Rf8 27.Bg1 Rfe8 28.Ne3 Nxe3 29.Bxe3 Qh3
30.Rf2 Qd7 31.b3 Qb5 32.Ra3 Qd3 33.Re2 Bc3 34.Qc2 Bd4 {#R} 0-1

[Event "Ch Spain (team)"]
[Site "masterchessopen.com - Barcelona (Spain)"]
[Round "1"]
[White "Gual Pascual Antonio (ESP)"]
[Black "Reinaldo Castineira Roi (ESP)"]
[Result "1-0"]
[WhiteElo "2453"]
[BlackElo "2416"]

1.d4 e6 2.c4 c5 3.d5 exd5 4.cxd5 d6 5.Nc3 g6 6.e4 Bg7 7.Be2 Nf6 8.Nf3 O-O
9.O-O a6 10.a4 Bg4 11.Bf4 Re8 12.Nd2 Bxe2 13.Qxe2 Nh5 14.Be3 Nd7 15.g4 Nhf6
16.f3 h6 17.Kh1 Nh7 18.a5 Qe7 19.Na4 f5 20.gxf5 gxf5 21.Qg2 Qf6 22.Nc4 Kh8
23.Bf4 Ne5 24.Bxe5 Rxe5 25.Nab6 Rd8 26.Nxe5 Qxe5 27.Nc4 Qd4 28.Rg1 fxe4
29.fxe4 Ng5 30.Nd2 Qxb2 31.Rab1 Qd4 32.Rxb7 Rf8 33.Rf1 Rxf1+ 34.Qxf1 Bf6
35.Qf5 Qa1+ {#r} 1-0

[Event "It (open)"]
[Site "masterchessopen.com - Berlin (Germany)"]
[Round "1"]
[White "Gebigke Martin (GER)"]
[Black "Lindner Ulrich (GER)"]
[Result "1/2-1/2"]
[WhiteElo "2182"]
[BlackElo "2044"]

1.d4 Nf6 2.c4 c5 3.d5 e6 4.Nc3 exd5 5.cxd5 d6 6.e4 g6 7.Nf3 Bg7 8.Be2 O-O
9.O-O a6 10.a4 Bg4 11.a5 Nbd7 12.Nd2 Bxe2 13.Qxe2 Nh5 14.Nc4 Ne5 15.Nb6 Qh4
16.Nxa8 Rxa8 17.Nd1 Nf4 18.Bxf4 Qxf4 19.g3 Qd2 20.Qxd2 Nf3+ 21.Kg2 Nxd2 22.Re1
Re8 23.Nc3 Nc4 24.Na4 Nxa5 25.Nxc5 Bxb2 26.Ra2 Bd4 27.Nd3 b6 28.Rc2 Kg7 29.Rc7
Nb3 30.Rc6 Nc5 31.Nxc5 Bxc5 32.f4 a5 33.e5 a4 34.Rc7 a3 35.e6 Rf8 36.Rb7 Bd4
37.Ra7 Bc5 38.Rb1 b5 39.Ra6 fxe6 40.dxe6 b4 41.Kf3 Re8 42.Ke4 Kf6 43.Kd5 Rxe6
44.Rc1 Be3 45.Re1 Re7 46.Rxd6+ Kf7 47.Ra6 h5 48.Kc4 Rc7+ 49.Kb3 Bd2 50.Ree6
Rc3+ 51.Ka2 Rc2+ 52.Kb3 Rb2+ 53.Kc4 Bc3 54.Reb6 Re2 55.Rb7+ Re7 56.Rbb6 Re2
57.Rb7+ Re7 58.Rbb6 h4 59.Kb3 hxg3 60.hxg3 Re3 61.Rb7+ Kf8 62.Rxg6 Bf6+
63.Kxb4 Be7+ {#d} 1/2-1/2

[Event "It (b)"]
[Site "masterchessopen.com - Budapest (Hungary)"]
[Round "11"]
[White "Petran Pal (HUN)"]
[Black "Borocz Istvan (HUN)"]
[Result "1-0"]
[WhiteElo "2377"]
[BlackElo "1855"]

1.Nf3 Nf6 2.c4 g6 3.Nc3 Bg7 4.d4 c5 5.d5 O-O 6.e4 d6 7.Be2 e6 8.O-O exd5
9.cxd5 a6 10.a4 Bg4 11.Bf4 Qe7 12.Nd2 Bxe2 13.Qxe2 Nh5 14.Be3 Nd7 15.a5 Ne5
16.f4 Nd7 17.g4 Nhf6 18.e5 dxe5 19.f5 Qd8 20.g5 Nh5 21.f6 Bh8 22.Nde4 h6 23.h4
Re8 24.d6 Nf4 25.Bxf4 exf4 26.Nd5 Re5 27.Ne7+ Kf8 28.Rxf4 Rc8 29.Rc1 {#r} 1-0

[Event "It (cat.3)"]
[Site "masterchessopen.com - Budapest (Hungary)"]
[Round "7"]
[White "Sinkovics Peter (HUN)"]
[Black "Parkanyi Attila (HUN)"]
[Result "1-0"]
[WhiteElo "2336"]
[BlackElo "2310"]

1.d4 Nf6 2.c4 e6 3.Nf3 c5 4.d5 exd5 5.cxd5 d6 6.Nc3 g6 7.e4 Bg7 8.Be2 O-O
9.O-O a6 10.a4 Bg4 11.Nd2 Bxe2 12.Qxe2 Nbd7 13.Nc4 Nb6 14.Ne3 Re8 15.a5 Nc8
16.Qd3 Nh5 17.Nc4 b5 18.axb6 Nxb6 19.Na5 Nd7 20.g4 Ne5 21.Qe2 Nf6 22.h3 Qc8
23.Kg2 h6 24.f4 Ned7 25.Qf3 Rb8 26.Nc4 Bf8 27.e5 Nh7 28.Ne4 dxe5 29.f5 g5
30.Ncd6 Bxd6 31.Nxd6 e4 32.Qe2 Qd8 33.Nxe8 Qxe8 34.Rxa6 Qe5 35.Qc4 Nhf6 36.Qc3
Qxd5 37.Ra3 e3+ 38.Kg1 e2 39.Re1 Re8 40.Qd2 Qc4 41.Re3 Ne5 42.Qxe2 Qd4 43.Kh1
Qd5+ 44.Qg2 Qd6 45.R3e2 c4 46.Bd2 Nd5 47.Bc3 Nxc3 48.bxc3 Re7 49.Re4 Kg7
50.Rd4 Qc7 51.Ree4 Qb7 52.Re1 Qc7 53.Rf1 Kf6 54.Qa8 Qb7+ 55.Qxb7 Rxb7 56.Rd6+
Kg7 57.Re1 Rb5 58.Kg2 h5 59.gxh5 Nd3 60.h6+ Kh7 61.Re4 Rxf5 62.Rxc4 Ne1+
63.Kg3 Rf3+ 64.Kg4 Rf2 65.Rc7 {#r} 1-0

[Event "It (open)"]
[Site "masterchessopen.com - Dos Hermanas (Spain)"]
[Round "4"]
[White "Komljenovic Davor (CRO)"]
[Black "Reinaldo Castineira Roi (ESP)"]
[Result "0-1"]
[WhiteElo "2514"]
[BlackElo "2416"]

1.d4 e6 2.c4 c5 3.d5 exd5 4.cxd5 d6 5.Nc3 g6 6.e4 Bg7 7.Be2 Nf6 8.Nf3 O-O
9.O-O a6 10.a4 Bg4 11.Nd2 Bxe2 12.Qxe2 Nbd7 13.Nc4 Nb6 14.Na3 Re8 15.Rd1 Nxe4
16.Nxe4 f5 17.f3 fxe4 18.fxe4 Qh4 19.g4 Bd4+ 20.Kh1 Rf8 21.Be3 Bxe3 22.Qxe3
Rf2 23.Qg3 Qxg3 24.hxg3 Nxa4 25.Nc4 Nxb2 26.Nxd6 Nxd1 27.Rxd1 b5 28.e5 c4
29.e6 Re2 30.Kg1 c3 31.Kf1 Re5 32.Nf7 c2 33.Rc1 Rxd5 34.Rxc2 Re8 35.Rc6 a5
36.g5 Rf5+ 37.Kg2 Rxf7 38.exf7+ Kxf7 39.Kf3 Ra8 40.Rb6 a4 41.Rxb5 a3 42.Rb1 a2
43.Ra1 Ke6 44.g4 Kd5 45.Ke3 Kc4 46.Kd2 Kb3 {#R} 0-1

[Event "It (open)"]
[Site "masterchessopen.com - Frankfurt (Germany)"]
[Round "3"]
[White "Hettler Wolfgang (GER)"]
[Black "Uwira Oliver (GER)"]
[Result "0-1"]
[WhiteElo "2065"]
[BlackElo "2134"]

1.d4 Nf6 2.c4 c5 3.d5 e6 4.Nc3 exd5 5.cxd5 d6 6.e4 g6 7.Be2 Bg7 8.Nf3 O-O
9.O-O a6 10.a4 Bg4 11.Nd2 Bxe2 12.Qxe2 Nbd7 13.Nc4 Nb6 14.Ne3 Re8 15.Qc2 Rb8
16.Rb1 Qe7 17.f3 Nbd7 18.b4 cxb4 19.Rxb4 Rec8 20.Bd2 Rc7 21.Qb1 Nh5 22.Ne2 Nc5
23.a5 Rf8 24.Ng4 f5 25.Nh6+ Kh8 26.g4 fxg4 27.Nxg4 Nf6 28.Bg5 Qf7 29.Ne3 Qd7
30.Kg2 Kg8 31.Nc4 Nfxe4 32.Bf4 Nc3 {#R} 0-1

[Event "Bundesliga (2nd) North 2000/01"]
[Site "masterchessopen.com - Germany"]
[Round "2"]
[White "Machelett Heiko (GER)"]
[Black "Brustkern Juergen (GER)"]
[Result "0-1"]
[WhiteElo "2376"]
[BlackElo "2289"]

1.d4 Nf6 2.c4 c5 3.d5 e6 4.Nc3 exd5 5.cxd5 d6 6.Nf3 g6 7.e4 a6 8.a4 Bg4 9.Be2
Bg7 10.O-O O-O 11.Bf4 Re8 12.Qc2 Qe7 13.Rae1 Nbd7 14.h3 Bxf3 15.Bxf3 Rac8
16.Bh2 c4 17.Qd2 Qf8 18.Bd1 Nc5 19.Bc2 Nfd7 20.f4 Rb8 21.Re2 b5 22.Rfe1 b4
23.Nd1 Red8 24.e5 dxe5 25.fxe5 Nb6 26.d6 b3 27.Bb1 Ne6 28.Rf2 Nd7 29.Nc3 Kh8
30.Qd5 Rdc8 31.Qf3 Nd8 32.Qg4 Qe8 33.Kh1 Rc5 34.Ne4 Rd5 35.Ng5 Nxe5 36.Qxc4
Rxd6 37.Qc5 Nb7 38.Qc7 Rd7 39.Qb6 Nd6 40.Qd4 Ndc4 41.Qh4 h6 42.Nf3 Qd8
43.Qxd8+ Rbxd8 44.Bxe5 Nxe5 45.Nxe5 Bxe5 46.Rxe5 Rd1+ 47.Kh2 Rxb1 48.Rb5 Rd7
49.Rxb3 Kg7 50.g4 Re7 51.Kg2 Rbe1 52.Rd3 Rb7 53.b3 Rb1 54.Rff3 Rb2+ 55.Kg3 Kf8
56.Kf4 Rb4+ 57.Ke5 Rb7 58.Kd6 Re2 59.Kc5 Rc2+ 60.Rc3 Rxb3 61.Rxf7+ Kxf7
62.Rxc2 Rxh3 63.Rf2+ Ke6 64.Kd4 Rg3 65.Rf4 Ra3 66.Kc5 Ke5 67.Rf1 Rc3+ 68.Kb6
Rh3 69.Kc5 Rh4 70.g5 hxg5 71.Re1+ Re4 72.Ra1 g4 73.Rg1 g5 74.Rg2 Kf4 75.Kd5 g3
{#R} 0-1

[Event "Ch Hessen (juniors) (under 20)"]
[Site "masterchessopen.com - Hessen (Germany)"]
[Round "3"]
[White "Brause Thilo"]
[Black "Uwira Oliver (GER)"]
[Result "0-1"]
[WhiteElo "1644"]
[BlackElo "2134"]

1.d4 Nf6 2.c4 g6 3.Nc3 Bg7 4.e4 d6 5.Nf3 O-O 6.Be2 c5 7.d5 e6 8.O-O exd5
9.cxd5 a6 10.a4 Bg4 11.h3 Bxf3 12.Bxf3 Nbd7 13.Rb1 Qc7 14.b3 Rfe8 15.Qc2 Rab8
16.Be2 Qa5 17.Ba3 b5 18.b4 Qc7 19.f3 c4 20.a5 Nh5 21.Rf2 Bd4 22.Rf1 Ng3 23.Kh2
Nxf1+ 24.Rxf1 Nf6 25.Bc1 Nh5 26.g4 Ng7 27.Qd2 Qa7 28.Bd1 Rb7 29.Bc2 Rbe7
30.Ne2 Bf2 31.Qf4 Re5 32.Kg2 Bh4 33.Bb2 Bg5 34.Qg3 Rxd5 35.exd5 Rxe2+ 36.Rf2
Bf4 37.Rxe2 Bxg3 38.Kxg3 Qg1+ 39.Kf4 h6 40.h4 f5 41.Bc3 fxg4 42.fxg4 Qf1+
43.Ke3 Qc1+ 44.Kf3 Qh1+ 45.Kg3 g5 46.hxg5 hxg5 47.Rh2 Qg1+ 48.Kh3 Qe3+ {#R}
0-1

[Event "It (open)"]
[Site "masterchessopen.com - Madrid (Spain)"]
[Round "8"]
[White "Carceles Ruiz Francisco (ESP)"]
[Black "Morales Quintero Jose Miguel (ESP)"]
[Result "0-1"]
[WhiteElo "2057"]
[BlackElo "2058"]

1.d4 Nf6 2.c4 e6 3.Nf3 c5 4.d5 exd5 5.cxd5 g6 6.Nc3 Bg7 7.e4 d6 8.Be2 a6 9.a4
O-O 10.O-O Bg4 11.Bf4 Re8 12.h3 Bxf3 13.Bxf3 Qc7 14.Qc2 Nbd7 15.Be2 Rab8
16.Rad1 c4 17.a5 Rbc8 18.Bh2 Nc5 19.Rd4 Qxa5 20.Rxc4 b5 21.Rxc5 dxc5 22.e5 Nd7
23.f4 Nxe5 24.fxe5 Bxe5 25.Bg4 Bxh2+ 26.Kxh2 f5 27.Bf3 Qc7+ 28.Kh1 Qd6 29.Qf2
b4 30.Ne2 Re7 31.g3 a5 32.Rc1 Rec7 33.Rc4 a4 34.Nf4 Ra7 35.Kg2 a3 36.bxa3 Rxa3
37.Ne6 b3 38.Qe3 Ra2+ 39.Kf1 b2 40.Qb3 Ra1+ {#R} 0-1

[Event "It (open)"]
[Site "masterchessopen.com - Mallorca (Spain)"]
[Round "7"]
[White "Planas Gene Juan (ESP)"]
[Black "Reinaldo Castineira Roi (ESP)"]
[Result "0-1"]
[WhiteElo "2224"]
[BlackElo "2416"]

1.d4 e6 2.c4 c5 3.d5 exd5 4.cxd5 d6 5.Nc3 g6 6.e4 Bg7 7.Nf3 Nf6 8.Be2 O-O
9.O-O a6 10.a4 Bg4 11.h3 Bxf3 12.Bxf3 Nbd7 13.Qc2 Rb8 14.Bf4 Qc7 15.Rfd1 b5
16.axb5 axb5 17.Ra6 Rb6 18.Rda1 Rfb8 19.Ra7 R8b7 20.Ra8+ Rb8 21.Qe2 c4 22.R8a7
R8b7 23.Ra8+ Rb8 24.R8a7 Qc8 25.Bxd6 Rxd6 26.e5 Nxe5 27.Qxe5 Qd8 28.Qf4 Rdb6
29.Ne4 Nd7 30.Nd6 Qe7 31.Qxf7+ Qxf7 32.Nxf7 Bxb2 33.Nh6+ Kf8 34.Re1 R6b7
35.Ra2 c3 36.Bd1 b4 37.Bb3 Nc5 {#R} 0-1

[Event "Ch Uruguay"]
[Site "masterchessopen.com - Montevideo (Uruguay)"]
[Round "3"]
[White "Belistri Ubaldo (URU)"]
[Black "Alvarez Miguel (ARG)"]
[Result "1-0"]
[WhiteElo "2060"]
[BlackElo "2036"]

1.d4 Nf6 2.c4 e6 3.Nf3 c5 4.d5 exd5 5.cxd5 d6 6.Nc3 g6 7.e4 Bg7 8.Be2 O-O
9.O-O a6 10.a4 Bg4 11.h3 Bxf3 12.Bxf3 Re8 13.Bf4 Qc7 14.Rc1 b6 15.e5 dxe5
16.d6 Qa7 17.Bxa8 Qxa8 18.Be3 Nbd7 19.Qb3 Qc6 20.Rfd1 Bf8 21.Qc4 Bxd6 22.Qxa6
e4 23.Qb5 Qc7 24.Nd5 Nxd5 25.Rxd5 Nf6 26.Rcd1 Bf4 27.R5d2 Bxe3 28.fxe3 Qg3
29.Re2 Re5 30.Qxb6 Kg7 31.Qd6 Qg5 32.Rf2 Nd5 33.Qd7 Nf6 34.Qd8 Re8 35.Qc7 Qxe3
36.Rd6 Qc1+ 37.Rf1 Qe3+ 38.Kh1 Qg5 39.Rdxf6 Kh6 40.Rxf7 {#r} 1-0

[Event "It (open)"]
[Site "masterchessopen.com - Monza (Italy)"]
[Round "4"]
[White "Olivo Mario (ITA)"]
[Black "Drabke Lorenz (GER)"]
[Result "1/2-1/2"]
[WhiteElo "1860"]
[BlackElo "2144"]

1.d4 Nf6 2.c4 c5 3.d5 e6 4.Nc3 exd5 5.cxd5 d6 6.e4 g6 7.Be2 Bg7 8.Nf3 O-O
9.O-O a6 10.a4 Bg4 11.Nd2 Bxe2 12.Qxe2 Nbd7 13.Nc4 Nb6 14.Ne3 Qe7 15.f3 Nh5
16.a5 Nd7 17.Nc4 Bd4+ 18.Kh1 Ne5 19.Nxe5 Bxe5 20.f4 Bxc3 21.bxc3 Rfe8 22.Rb1
Rab8 23.Rb6 Nf6 24.Qb2 Nxe4 25.c4 f5 26.Qc2 h5 27.Bb2 Kh7 28.Bc1 Rbc8 29.Bb2
Rc7 30.Ba1 Rd7 31.Qb2 Rf8 32.Kg1 Nf6 33.Qc3 Ne4 34.Qb2 {#d} 1/2-1/2

[Event "Ch Netherlands (team) 2000"]
[Site "masterchessopen.com - Netherlands"]
[Round "3"]
[White "Van Gisbergen Stan (NED)"]
[Black "Bezemer Arno (NED)"]
[Result "1-0"]
[WhiteElo "2337"]
[BlackElo "2239"]

1.d4 Nf6 2.c4 c5 3.d5 e6 4.Nc3 exd5 5.cxd5 d6 6.e4 g6 7.Nf3 Bg7 8.Be2 O-O
9.O-O a6 10.a4 Bg4 11.Bf4 Bxf3 12.Bxf3 Qe7 13.Re1 Nbd7 14.a5 h5 15.Qd2 Rfe8
16.Be2 Rac8 17.Bf1 Qf8 18.f3 Nh7 19.Rac1 Ne5 20.Na4 h4 21.Nb6 Rcd8 22.h3 f5
23.b4 cxb4 24.Qxb4 fxe4 25.Rxe4 g5 26.Bd2 Re7 27.f4 gxf4 28.Rxf4 Bf6 29.Nc4
Rf7 30.Nxe5 dxe5 31.Rg4+ Kh8 32.Qe4 Rfd7 33.Bb4 Qh6 34.Rd1 Ng5 35.Qc4 Rg7
36.Bd2 Qh5 37.Be2 Qh7 38.Rf1 Be7 39.Bd3 e4 40.Bxe4 Nxe4 41.Rxe4 {#r} 1-0

[Event "It (open)"]
[Site "masterchessopen.com - Sant Boi (Spain)"]
[Round "4"]
[White "Langa Ramiro Ricard (ESP)"]
[Black "Calaf Rellver Guifre (ESP)"]
[Result "1-0"]
[WhiteElo "2083"]
[BlackElo "2233"]

1.d4 Nf6 2.Nf3 g6 3.c4 Bg7 4.Nc3 c5 5.d5 O-O 6.e4 d6 7.Be2 e6 8.O-O a6 9.a4
exd5 10.cxd5 Bg4 11.h3 Bxf3 12.Bxf3 Nbd7 13.Bf4 Qc7 14.Qc2 Rfe8 15.Be2 c4
16.Kh1 Nc5 17.f3 Nh5 18.Bh2 Nb3 19.Rad1 Nd4 20.Qb1 g5 21.Qc1 Qe7 22.g4 Nf4
23.Bxf4 gxf4 24.Qxf4 Qh4 25.Qh2 Be5 26.Qg2 Nc2 27.f4 Bxc3 28.bxc3 Ne3 29.Qf3
Nxf1 30.Rxf1 b5 31.g5 f6 32.Rg1 Rxe4 33.gxf6+ Kf8 34.Qg2 {#r} 1-0

[Event "It (cat.4)"]
[Site "masterchessopen.com - Stockholm (Sweden)"]
[Round "3"]
[White "Hjelm Niclas (SWE)"]
[Black "Dzevlan Miralem (BIH)"]
[Result "1-0"]
[WhiteElo "2347"]
[BlackElo "2412"]

1.d4 Nf6 2.c4 c5 3.d5 e6 4.Nc3 exd5 5.cxd5 d6 6.e4 g6 7.Nf3 Bg7 8.Be2 a6 9.a4
Bg4 10.O-O O-O 11.Bf4 Re8 12.Nd2 Bxe2 13.Qxe2 Nh5 14.Be3 Nd7 15.g4 Nhf6 16.f3
Ne5 17.Kh1 h6 18.g5 hxg5 19.Bxg5 Qc7 20.f4 Ned7 21.Qg2 Nh7 22.Bh4 Rab8 23.e5
dxe5 24.f5 Ndf8 25.Nde4 gxf5 26.Nf6+ Nxf6 27.Bxf6 Ng6 28.Rxf5 Bxf6 29.Rxf6 e4
30.Rg1 {#r} 1-0

[Event "It (cat.9)"]
[Site "masterchessopen.com - Tel Aviv (Israel)"]
[Round "5"]
[White "Gershon Alik (ISR)"]
[Black "Marin Mihail (ROM)"]
[Result "1-0"]
[WhiteElo "2502"]
[BlackElo "2557"]

1.d4 Nf6 2.c4 c5 3.d5 d6 4.Nc3 g6 5.e4 Bg7 6.Nf3 O-O 7.Be2 e6 8.O-O exd5
9.cxd5 a6 10.a4 Bg4 11.Bf4 Bxf3 12.Bxf3 Qe7 13.Re1 Nbd7 14.a5 Rfe8 15.h3 Rab8
16.Be2 b5 17.axb6 Rxb6 18.Rxa6 Nxe4 19.Bd3 Bxc3 20.bxc3 Rxa6 21.Bxa6 Qh4
22.Qf3 f5 23.Bb5 Ne5 24.Qe3 Re7 25.Ra1 g5 26.Bxe5 Rxe5 27.Bd7 Nf6 28.Be6+ Kg7
29.Qd3 c4 30.Qb1 Ne4 31.Ra2 g4 32.Qb8 Ng3 33.Ra7+ Kh6 34.Qf8+ Kg5 35.Rg7+ Kf4
36.Rxg4+ Qxg4 37.Qh6+ {#r} 1-0

[Event "Ch Chess Club (open)"]
[Site "masterchessopen.com - Tula (Russia)"]
[Round "6"]
[White "Timofeev Sergey (RUS)"]
[Black "Korovkin Stepan (RUS)"]
[Result "0-1"]
[WhiteElo "2295"]
[BlackElo "2344"]

1.d4 Nf6 2.c4 c5 3.d5 e6 4.Nc3 exd5 5.cxd5 d6 6.e4 g6 7.Nf3 Bg7 8.Be2 a6 9.a4
Bg4 10.O-O O-O 11.Bf4 Re8 12.h3 Bxf3 13.Bxf3 Qc7 14.Re1 Nbd7 15.Qc2 Rab8
16.Be2 Ne5 17.Bh2 c4 18.f4 Ned7 19.Kh1 b5 20.axb5 axb5 21.Bf1 b4 22.Nd1 c3
23.Nf2 Nc5 24.b3 Ra8 25.Rad1 Nfd7 26.Bc4 Qa5 27.Re2 Nb6 28.Bd3 Ra7 29.f5 Be5
30.Ng4 Nbd7 31.Bxe5 Rxe5 32.Rf2 gxf5 33.Nxe5 Nxe5 34.exf5 f6 35.Bf1 Qa3 36.Bc4
Nxc4 37.bxc4 Qa4 38.Qe2 b3 39.Rf3 c2 40.Re1 Rg7 41.Re3 Nd7 42.Re8+ Nf8 43.Qe6+
Rf7 44.Qxf7+ Kxf7 45.R1e7+ Kg8 {#R} 0-1

[Event "Zt"]
[Site "masterchessopen.com - Vung Tau (Vietnam)"]
[Round "2"]
[White "Myo Naing (MYA)"]
[Black "Wo-Dai D (VIE)"]
[Result "1-0"]
[WhiteElo "2445"]
[BlackElo "2159"]

1.d4 e6 2.c4 Nf6 3.Nc3 c5 4.d5 exd5 5.cxd5 d6 6.e4 g6 7.Nf3 Bg7 8.Be2 O-O
9.O-O a6 10.a4 Bg4 11.h3 Bxf3 12.Bxf3 Nbd7 13.Bf4 Ne8 14.Qd2 Rb8 15.Be2 Qe7
16.Rfe1 Bd4 17.a5 Qh4 18.Bf1 Ne5 19.Nd1 Qd8 20.Be3 Bxe3 21.Qxe3 f6 22.f4 Nf7
23.Nc3 Nc7 24.Bc4 b5 25.axb6 Rxb6 26.b3 Nb5 27.Qd3 Nd4 28.Ne2 Nb5 29.Kh2 Kg7
30.Ng1 g5 31.g3 Re8 32.Nf3 h6 33.Re2 Re7 34.Rae1 Qe8 35.Qc2 Na3 36.Qc3 Nxc4
37.bxc4 Kg6 38.h4 Rbb7 39.h5+ Kg7 40.Kg2 Qa4 41.e5 fxe5 42.fxe5 Qb3 43.Qa1
Nxe5 44.Nxe5 dxe5 45.Rxe5 Qb2+ 46.Qxb2 Rxb2+ 47.Kh3 Rxe5 48.Rxe5 Rc2 49.Kg4
Kf7 50.Re6 Rxc4+ 51.Kf5 Rd4 52.Ke5 Rd3 53.Rxh6 Rxg3 54.Rxa6 g4 55.Ra7+ Ke8
56.Ke6 Re3+ 57.Kd6 c4 58.Rg7 Rh3 59.Rxg4 Rxh5 60.Rg8+ Kf7 61.Rc8 Rh4 62.Kd7
Rd4 63.d6 Kf6 64.Rc5 Kf7 65.Rf5+ Kg6 66.Rf1 c3 67.Ke6 Re4+ 68.Kd5 Re2 69.Kc6
c2 70.d7 Rf2 71.Rg1+ {#r} 1-0

[Event "Zt"]
[Site "masterchessopen.com - Vung Tau (Vietnam)"]
[Round "9"]
[White "Simanjuntak Sebastian (INA)"]
[Black "Mascarinas Rico (PHI)"]
[Result "1/2-1/2"]
[WhiteElo "2341"]
[BlackElo "2431"]

1.d4 Nf6 2.Nf3 c5 3.d5 d6 4.c4 g6 5.Nc3 Bg7 6.e4 O-O 7.Be2 e6 8.O-O exd5
9.cxd5 a6 10.a4 Bg4 11.h3 Bxf3 12.Bxf3 Nbd7 13.Bf4 Qe7 14.Re1 Rab8 15.Qd2 Rfe8
16.Be2 Qf8 17.Bf1 h6 18.Bh2 Nh7 19.a5 Ng5 20.Qc2 Qe7 21.h4 Nh7 22.Be2 h5
23.Bf1 Bf6 24.Rad1 Ne5 25.Bxe5 Bxe5 26.g3 Nf6 27.Na4 Bd4 28.Nb6 Nd7 29.Nc4 Ne5
30.Kg2 Nxc4 31.Bxc4 Qc7 32.Qd2 Re7 33.Re2 Rbe8 34.Rde1 Qd7 35.Qc2 Qg4 36.Qd3
Kg7 37.Bb3 Qd7 38.Qc2 Rb8 39.Bc4 Qc7 40.Qd2 Rbe8 41.b3 Re5 42.Bd3 Qd8 43.Bc4
Qf6 44.f4 R5e7 45.Qd3 Kh7 46.Rf1 Qg7 47.Qf3 {#d} 1/2-1/2